000 00642nam a2200229Ia 4500
003 OSt
005 20221006164440.0
006 a|||||r|||| 00| 0
007 ta
008 221006b |||||||| |||| 00| 0 hin d
024 _a6,001
037 _cTextual
040 _aFML
_cFML
_bhin
041 _2hin
_ahin
082 _aO152,1:g(Q:332), K5
100 _aShukla Prem Narayan Au.
_9677506
245 0 _aSant Sahitya
_b Bhashaparak Sahitya
260 _aJaipur
_bGrantham India
_c1965
300 _a412
_ccm.
942 _hO152,1:g(Q:332), K5
_cTEXL
_2CC
999 _c1117306
_d1117306